UBT Library

International encyclopedia of chemical science. (Record no. 43185)

000 -LEADER
fixed length control field 00560cam a22002051 4500
001 - CONTROL NUMBER
control field 1695654
005 - DATE AND TIME OF LATEST TRANSACTION
control field 20180222070932.0
008 - FIXED-LENGTH DATA ELEMENTS--GENERAL INFORMATION
fixed length control field 830610s1964 njua d 000 0 eng
010 ## - LIBRARY OF CONGRESS CONTROL NUMBER
LC control number 64001619
040 ## - CATALOGING SOURCE
Original cataloging agency DLC/ICU
Transcribing agency ICU
Modifying agency DLC
041 0# - LANGUAGE CODE
Language code of text/sound track or separate title engmul
080 ## - UNIVERSAL DECIMAL CLASSIFICATION NUMBER
Universal Decimal Classification number 540.3 van
082 00 - DEWEY DECIMAL CLASSIFICATION NUMBER
Classification number 540.3 van
100 ## - Rafti
Rafti 24
101 ## - Shkurtesa
Shkurtesa enc
245 00 - TITLE STATEMENT
Title International encyclopedia of chemical science.
740 0# - ADDED ENTRY--UNCONTROLLED RELATED/ANALYTICAL TITLE
Uncontrolled related/analytical title Van Nostrand's International encyclopedia of chemical science.
906 ## - LOCAL DATA ELEMENT F, LDF (RLIN)
a 7
b cbc
c orignew
d u
e ocip
f 19
g y-gencatlg
942 ## - ADDED ENTRY ELEMENTS (KOHA)
Source of classification or shelving scheme
Item type Books
Holdings
Withdrawn status Lost status Source of classification or shelving scheme Damaged status Not for loan Collection code Permanent location Current location Shelving location Date acquired Total Checkouts Full call number Barcode Date last seen Price effective from Koha item type
          Koleksioni i përgjithshem UBT - Lipjan UBT - Lipjan Koleksioni i përgjithshem 02/22/2018   540.3 van 002-2999763 02/22/2018 02/22/2018 Books
UBT Library © 2015-2024. All rights reserved University Education for Business and Technology